Представление документа в формате MARC21

Поле Инд. ПП Название Значение
Тип записи a
Библиографический уровень b
001 Контрольный номер RU/IS/BASE/264554050
005 Дата корректировки 20200522190626.4
008 Кодируемые данные 19970618
084 a Индекс другой классификации/Индекс ББК 63.3(2)5-7; 85.133(2)52
097 00 a 750
100 10 a Автор Трофимов Ж.
q Полное имя Трофимов Жорес
245 10 a Заглавие Карамзину, историку Государства Российского
b Продолж. заглавия (Известное и неизвестное)
520 00 a Аннотация Из истории создания памятника Николаю Михайловичу Карамзину в Симбирске
600 14 a Персоналии Гальберг Самуил Иванович
a Персоналии Иванов Александр Андреевич
a Персоналии Карамзин Николай Михайлович
a Персоналии Погодин Михаил Петрович
a Персоналии Рамазанов Николай Александрович
a Персоналии Ставассер Петр Андреевич
a Персоналии Языков Николай Михайлович
650 04 a Основная рубрика изобразительное искусство
a Основная рубрика искусство
a Основная рубрика история
a Основная рубрика история изобразительного искусства
a Основная рубрика скульптура
653 00 a Ключевые слова XIX век
a Ключевые слова культура
a Ключевые слова памятники
a Ключевые слова Россия
a Ключевые слова Симбирск
a Ключевые слова скульптурные памятники
773 00 t Заглавие источника Памятники Отечества
d Дата издания источника 1995
g Прочая информация № 34 (3 - 4). - С. 150 - 156 : ил.
w Контрольный № источника RU/IS/BASE/142436424
901 t Тип документа b